[Event "IECC M email"]
[Site "IECC email"]
[Date "1999.07.23"]
[Round "?"]
[White "Krevitz, Rob"]
[Black "Baguet, Filip"]
[Result "0-1"]
[WhiteElo "1075"]
[BlackElo "1115"]
[PlyCount "78"]
[EventDate "1999.??.??"]
[EventType "tourn (corr)"]
[EventRounds "6"]
[SourceTitle "Corr 2008"]
[Source "ChessBase"]
[SourceDate "2008.06.24"]
[SourceVersion "1"]
[SourceVersionDate "2008.06.24"]
[SourceQuality "1"]

1. Nf3 f5 2. g3 e6 3. d3 Be7 4. Bg2 Nf6 5. 0-0 0-0 6. Re1 Nc6 7. e4 d5 8. e5 Ng4 9. d4 Qe8 10. Bg5 h6 11. Bxe7 Qxe7 12. c3 h5 13. h3 Nh6 14. Qd2 Na5 15. b3 c5 16. Qg5 Qxg5 17. Nxg5 c4 18. Nd2 b5 19. b4 Nc6 20. a4 Nd8 21. axb5 Nhf7 22. Ndf3 Bd7 23. b6 a6 24. Nxe6 Nxe6 25. h4 Rfb8 26. Ng5 Rxb6 27. Bxd5 Re8 28. Bxc4 Nexg5 29. hxg5 Be6 30. d5 Nxg5 31. Kg2 Bf7 32. f3 Rc8 33. e6 Rxc4 34. exf7+ Nxf7 35. Re8+ Kh7 36. f4 Rxc3 37. Rf8 Nd6 38. Rb1 a5 39. Kh3 axb4 0-1

[Event "IECC M email"]
[Site "IECC email"]
[Date "1999.01.23"]
[Round "?"]
[White "Baguet, Filip"]
[Black "Tosney, Paul"]
[Result "0-1"]
[WhiteElo "1120"]
[BlackElo "1243"]
[PlyCount "82"]
[EventDate "1999.??.??"]
[EventType "tourn (corr)"]
[EventRounds "6"]
[SourceTitle "Corr 2008"]
[Source "ChessBase"]
[SourceDate "2008.06.24"]
[SourceVersion "1"]
[SourceVersionDate "2008.06.24"]
[SourceQuality "1"]

1. e4 e5 2. Nf3 Nc6 3. d4 exd4 4. c3 dxc3 5. Nxc3 Bb4 6. Bc4 d6 7. 0-0 Bxc3 8. bxc3 Qe7 9. Ba3 Bg4 10. Bb5 Bd7 11. Rb1 a6 12. Bc4 b5 13. Bd5 0-0-0 14. c4 Na7 15. e5 Nh6 16. exd6 cxd6 17. Qd4 Bc6 18. Ne5 Bxd5 19. Qxd5 Qb7 20. Qxb7+ Kxb7 21. Nd3 Nf5 22. Rfe1 Rc8 23. g4 Nd4 24. Re7+ Rc7 25. Bxd6 Rxe7 26. Bxe7 Kc7 27. Bc5 Nac6 28. Bxd4 Nxd4 29. Nb4 bxc4 30. Nxa6+ Kd6 31. Kg2 Rc8 32. Rd1 Kd5 33. Nb4+ Kc5 34. Na6+ Kb5 35. Nb8 Rxb8 36. Rb1+ Nb3 37. Kf1 Kc5 38. Ke1 Re8+ 39. Kd1 Rd8+ 40. Kc2 Nd4+ 41. Kc3 Ne2+ 0-1